00216nam a2200085Ia 4500008004100000245002900041260003400070260000900104999001700113170620s9999 xx 000 0 und d 0aChild in Home and School bNew Delhi- Sonali Publication c2004 c24304d24304